00693nam a2200241 a 4500001001300000003000900013005001700022008004100039020001100080082001500091100002300106245002400129260004600153300000900199500003500208505001000243650003200253700002300285902000800308942000700316952011300323999001500436nice12345678IN_TiNIC20260116011635.0050524s1978 nasa grp 000 0 eng  ac36.100a220.5bBRU aBruggen, Jakob Van aFuture of the Bible aNashvillebThomas Nelson Publishersc1978 a192p aincludes index and biblioraphy2 aIndex aBible-Versions-Translations1 aBruggen, Jakob Van bRHR cBK 001040708ReferHall-aHMIbHMId2008-05-05g36.10l0o220.5 BRUp09107r2008-05-05v36.10w2005-05-24yBK c3064d3064